<?xml version="1.0" encoding="UTF-8"?>
<marc:record xmlns:marc="http://www.loc.gov/MARC21/slim">
   <marc:leader>00000nam a2200000 a 4500</marc:leader>
   <marc:datafield ind1=" " ind2=" " tag="653">
      <marc:subfield code="a">Dschingis Khan</marc:subfield>
   </marc:datafield>
   <marc:datafield ind1=" " ind2=" " tag="653">
      <marc:subfield code="a">Mongolen</marc:subfield>
   </marc:datafield>
   <marc:datafield ind1="0" ind2="0" tag="245">
      <marc:subfield code="a">Der Mongole</marc:subfield>
   </marc:datafield>
   <marc:datafield ind1="0" ind2="0" tag="245">
      <marc:subfield code="b">Seine Eltern gaben ihm den Namen Temudgin. &#xD;
Sein Volk nannte ihn Dschingis Khan.</marc:subfield>
   </marc:datafield>
   <marc:datafield ind1=" " ind2="1" tag="264">
      <marc:subfield code="c">2007</marc:subfield>
   </marc:datafield>
   <marc:datafield ind1="1" ind2=" " tag="520">
      <marc:subfield code="a">Der Mongole erzählt von dem monumentalen Aufstieg des jungen Temudgin zu einem der legendärsten Stammesführer der Geschichte: Dschingis Khan. Sommer 1172. Temudgin, Sohn eines Khans, findet in dem Mongolenmädchen Borte seine große Liebe. Eine Liebe, die Jahre voller Gewalt, Leid und Tod überstehen wird. Die Entführung Bortes durch einen verfeindeten Stamm gleicht Temdugin einer Kriegserklärung. Er zieht in einen opferreichen Kampf für seine Liebe und erkennt seine Bestimmung: Er muss als Khan aller Mongolen sein Volk vereinen und in eine sicher Zukunft führen...</marc:subfield>
   </marc:datafield>
   <marc:datafield ind1=" " ind2=" " tag="020">
      <marc:subfield code="a">9781890000714</marc:subfield>
      <marc:subfield code="9">9781890000714</marc:subfield>
   </marc:datafield>
   <marc:datafield ind1=" " ind2=" " tag="020">
      <marc:subfield code="a">189000071X</marc:subfield>
      <marc:subfield code="9">189000071X</marc:subfield>
   </marc:datafield>
   <marc:datafield ind1=" " ind2=" " tag="041">
      <marc:subfield code="a">ger</marc:subfield>
   </marc:datafield>
   <marc:datafield ind1=" " ind2=" " tag="338">
      <marc:subfield code="a">Videodisk</marc:subfield>
   </marc:datafield>
   <marc:datafield ind1=" " ind2=" " tag="300">
      <marc:subfield code="a">115 Min.</marc:subfield>
   </marc:datafield>
</marc:record>
